• 首页
  • 本馆介绍
  • 公告通知
  • 最新文献
  • 馆藏检索
  • 电子资源
  • 读者导购
  • 参考咨询
  • 我的图书馆
  • 登录
  • 详细信息显示
  • 放入我的书架
  • 预约/预借图书
  • 作者相关作品
  • 分类相关作品
  • 丛书相关作品
  • 出版社相关作品

书目信息

  • 表格格式
  • 工作单格式
  • 卡片格式
题名:
狐狸老师班上的那些事
    
 
作者: 艾琳·斯宾奈丽 著
分册: 3   环保先进班
出版信息: 北京   中译出版社  2017.2
页数: 30页
开本: 24cm
丛书名:
单 册:
中图分类: I712.85
科图分类:
主题词: 儿童故事--图画故事--美国--现代
电子资源:
ISBN: 978-7-5001-5035-0
000 01049nam0 2200229 450
001 3853
005 20180528111720.63
010    @a978-7-5001-5035-0@dCNY17.60
100    @a20161208d2017 em y0chiy0110 ea
101 0  @achi
102    @aCN@b110000
105    @ay z 000yy
200 1  @a狐狸老师班上的那些事@9hu li lao shi ban shang de na xie shi@h3@i环保先进班@f(美)艾琳·斯宾奈丽著
210    @a北京@c中译出版社@d2017.2
215    @a30页@d24cm
330    @a这套书一共5本,生动地讲述了狐狸老师班级发生的一些事情,通过这些事情,把健身、环保、与人和平相处以及团结合作等理念传递给儿童,教会他们如何过好班级生活。这套书定位为儿童情绪管理书籍,适合5至8岁儿童阅读。鉴于现在童书市场情绪管理的图书并不多,加之这套书内容丰富,语言活泼,很符合儿童心理,辅以配套的宣传活动,这套书的市场应该会有较好的表现。
517 1  @a环保先进班@Ahuan bao xian jin ban
606 0  @a儿童故事@x图画故事@y美国@z现代
690    @aI712.85@v5
701  0 @c(美)@a艾琳·斯宾奈丽@9ai lin · si bin nai li@4著
801  0 @aCN@b91CIP@c20161208
905    @aMuseLib@dI712.85@e1072:3
    
    狐狸老师班上的那些事.3.环保先进班/(美)艾琳·斯宾奈丽著.-北京:中译出版社,2017.2
    30页;24cm
    
    
    ISBN 978-7-5001-5035-0:CNY17.60
    这套书一共5本,生动地讲述了狐狸老师班级发生的一些事情,通过这些事情,把健身、环保、与人和平相处以及团结合作等理念传递给儿童,教会他们如何过好班级生活。这套书定位为儿童情绪管理书籍,适合5至8岁儿童阅读。鉴于现在童书市场情绪管理的图书并不多,加之这套书内容丰富,语言活泼,很符合儿童心理,辅以配套的宣传活动,这套书的市场应该会有较好的表现。
●
相关链接 在E读中查询图书 在五车中查询图书 在当当中查询图书 在豆瓣中查询图书


正题名:狐狸老师班上的那些事     索取号:I712.85/1072:3         预约/预借

序号 登录号 条形码 馆藏地/架位号 状态 备注
1 1110878   211108781   第一样本阅览室/ [索取号:I712.85/1072:3] 在馆    
2 1110879   211108790   教育系资料室/ [索取号:I712.85/1072:3] 在馆    
3 1110880   211108807   教育系资料室/ [索取号:I712.85/1072:3] 在馆    
4 1110881   211108816   第二借阅区/ [索取号:I712.85/1072:3] 在馆    
唐山师范学院图书馆 欢迎您!
大连网信软件有限公司© 版权所有